000 00472nam a2200181Ia 4500
003 OSt
005 20230619145554.0
008 210423s2002 xx 000 0 und d
040 _cAL
041 _aeng
082 _a658.3
_223
_bKINH
245 _aHuman resource management and development
260 _bKing Books
_c2002
365 _b100
_cINR
650 _aPersonnel Management
_9113008
906 _adevelopment ; Human ; management ; resource
942 _2ddc
_cBK
999 _c172951
_d172951